00000000cas 2200000zi 4500
0019.962760
003CaOODSP
00520260514113343
006m     o  d f      
007cr cn ||||||||
008260513d19961999oncfx p o    f0### 0eng|d
022 |y1205-6499
040 |aCaOODSP|beng|erda|cCaOODSP
043 |an-cn---
0861 |aIu2-5E-PDF
1300 |aInterConnexion (Ottawa, Ont.). |lEnglish.
24510|aInterConnexion : |ba newsletter for partners in Canada Business Service Centres.
264 1|aOttawa, ON : |bCanada Business Service Centres, |c[1996-1999]
310 |aSemiannual
336 |atext|btxt|2rdacontent
337 |acomputer|bc|2rdamedia
338 |aonline resource|bcr|2rdacarrier
3621 |aBegan with: Volume 1, no. 1 (May 1996); ceased with: Volume 4, no. 1 (June 1999).
500 |aIssued also in French under title: InterConnexion.
500 |aDigitized publication from print [produced by Innovation, Science and Economic Development Canada].
588 |aDescription based on: Volume 1, no. 1 (May 1996); title from PDF caption.
588 |aLatest issue consulted: Volume 4, no. 1 (June 1999).
650 0|aSmall business|zCanada|xInformation services|vPeriodicals.
650 0|aEntrepreneurship|zCanada|xInformation services|vPeriodicals.
650 0|aCommerce|xInformation services|vPeriodicals.
650 0|aBusiness information services|zCanada|vPeriodicals.
655 7|aPeriodicals|2lcgft
7102 |aCanada Business Service Centres, |eissuing body.
77508|tInterConnexion : |w(CaOODSP)9.962759